La construcción de ciudades de América Latina a travéz del tiempo /
Gardado en:
| Autor Principal: | |
|---|---|
| Formato: | Texto |
| Materias: | |
| Etiquetas: |
Engadir etiqueta
Sen Etiquetas, Sexa o primeiro en etiquetar este rexistro!
|
MARC
| LEADER | 00000 a a2200000 04500 | ||
|---|---|---|---|
| 001 | 41774 | ||
| 003 | |||
| 040 | |||
| 100 | |a Hardoy, Jorge E | ||
| 245 | |a La construcción de ciudades de América Latina a travéz del tiempo / |c Jorge E Hardoy | ||
| 650 | |a HISTORIA COLONIAL | ||
| 650 | |a CRECIMIENTO DEMOGRAFICO | ||
| 650 | |a CIUDADES | ||
| 650 | |a AMERICA LATINA | ||
| 773 | |g volumen9, número34 ( , 1978), páginas 83-118 | ||
| 999 | |c 31109 |d 31109 | ||
